Loading...
| Science - Physics | 0 | 6 | 2 | 0 | 50 | 43 | 72.00 | 1 | 2 | 0.00 | 0.00 |
| Science - Other | 0 | 5 | 1 | 1 | 45 | 36 | 75.60 | 1 | 3 | 0.00 | 0.00 |
| Religion | 0 | 4 | 0 | 0 | 40 | 78 | 118.75 | 0 | 1 | 0.00 | 0.00 |
| Painting & Sculpture | 0 | 3 | 0 | 1 | 30 | 82 | 103.67 | 1 | 1 | 0.00 | 0.00 |
| Philosophy | 0 | 4 | 2 | 1 | 30 | 87 | 110.50 | 0 | 2 | 0.00 | 0.00 |
| Social Science | 0 | 3 | 1 | 0 | 25 | 101 | 105.33 | 0 | 1 | 0.00 | 0.00 |
| Geography | 0 | 2 | 0 | 0 | 20 | 89 | 102.50 | 0 | 0 | 0.00 | 0.00 |
| Literature - World | 0 | 1 | 0 | 1 | 10 | 150 | 150.00 | 0 | 0 | 0.00 | 0.00 |
| History - World | 0 | 1 | 0 | 0 | 10 | 88 | 88.00 | 0 | 0 | 0.00 | 0.00 |
| History - American | 0 | 1 | 0 | 0 | 10 | 127 | 127.00 | 0 | 0 | 0.00 | 0.00 |
| Science - Biology | 0 | 1 | 0 | 1 | 10 | 134 | 134.00 | 0 | 0 | 0.00 | 0.00 |
| Science - Chemistry | 0 | 2 | 2 | 0 | 10 | 62 | 89.50 | 0 | 0 | 0.00 | 0.00 |
| Current Events | 0 | 1 | 0 | 0 | 10 | 63 | 63.00 | 0 | 0 | 0.00 | 0.00 |
| Literature - British | 0 | 1 | 0 | 0 | 10 | 89 | 89.00 | 0 | 0 | 0.00 | 0.00 |
| History - European | 0 | 1 | 1 | 1 | 5 | 155 | 155.00 | 0 | 0 | 0.00 | 0.00 |
| Fine Arts - Other | 0 | 0 | 1 | 0 | -5 | 0.00 | 0 | 0 | 0.00 | 0.00 |